Statistics for Jekyll and Hyde Context

Click here to take the quiz!

General Stats

  • This quiz has been taken 42 times
  • The average score is 5 of 9

Answer Stats

Answer% Correct
Darwinism and Evolution
91%
Victorian London
72%
Victorian Values and Reputation
69%
Gothic Literature
66%
Science vs Religion
66%
Crime Literature
41%
Physiognomy
25%
Hypocrisy/ Dual Lives
19%
RLS' Childhood
13%

Score Distribution

Percentile by Number Answered

Percent of People with Each Score

Your Score History

You have not taken this quiz